| 000 | 00576nam a2200193Ia 4500 | ||
|---|---|---|---|
| 005 | 20250508164018.0 | ||
| 008 | 008 250505s9999 xx 000 0 eng d | ||
| 020 | _a81-7046-138-3 | ||
| 037 | _aTextual | ||
| 040 |
_aFEDL _beng _cFEDL |
||
| 041 |
_aeng _2eng |
||
| 084 |
_a891.442, MAH _qFEDL |
||
| 100 | _aMahasweta Devi | ||
| 245 | 0 | _aFive plays: Mother of 1084 Aajir Bayen Urvashi and Johnny water | |
| 260 |
_aCalcutta, India _bSagull Books Private Limited _c1999 |
||
| 300 | _axv,149p | ||
| 942 |
_cTEXL _h891.442, MAH |
||
| 999 |
_c1386566 _d1386566 |
||